Traité de métrique grecque et latine / (Record no. 162267)

MARC details
000 -LEADER
campo de control de longitud fija 00714nam a22001575i 4500
001 - NÚMERO DE CONTROL
campo de control 162267
003 - IDENTIFICADOR DE NÚMERO DE CONTROL
campo de control ES-MaACL
005 - FECHA Y HORA DE LA ÚLTIMA TRANSACCIÓN
campo de control 20230906212451.0
008 - DATOS DE LONGITUD FIJA--INFORMACIÓN GENERAL
campo de control de longitud fija 960201s1889 fr |||| | fre d
040 ## - FUENTE DE CATALOGACIÓN
Centro catalogador/agencia de origen AS
Lengua de catalogación spa
Centro/agencia transcriptor CCPB | SIC
100 1# - ENTRADA PRINCIPAL--NOMBRE DE PERSONA
Nombre de persona Plessis, Frédéric Edouard.
9 (RLIN) 131221
245 10 - MENCIÓN DEL TÍTULO
Título Traité de métrique grecque et latine /
Mención de responsabilidad, etc. par F. Plessis.
260 ## - PUBLICACIÓN, DISTRIBUCIÓN, ETC.
Lugar de publicación, distribución, etc. Paris :
Nombre del editor, distribuidor, etc. C. Klincksieck,
Fecha de publicación, distribución, etc. 1889.
300 ## - DESCRIPCIÓN FÍSICA
Extensión X, 336 p. ;
Dimensiones 18 cm.
852 ## - LOCALIZACIÓN
Ubicación ES-MaACL
Número de control de estantería B-6120
Nota libre -- Enc. editorial tela
Encuadernación -- Edic.: Añadir en t260 (Imprimerie Polyglotte Alph. Le Roy
-- -- Edic.: Añadir t440 (Nouvelle Collection a l'usage des classes; 3)
-- -- Edic.: Corregir en t245: autor después de la barra de mención de responsabilidad
Holdings
Estatus retirado Estado de pérdida Estado de daño No para préstamo Colección Biblioteca de origen Biblioteca actual Ubicación en estantería Fecha de adquisición Fuente de adquisición Total de préstamos Signatura topográfica completa Código de barras Visto por última vez Precio de reemplazo Tipo de ítem Koha
        Libros del s. XIX Biblioteca del Ateneo de Madrid Biblioteca del Ateneo de Madrid Sala Pardo Bazán 17/01/2008     B-6120 1169999 23/02/2023 23/02/2023 Libro impreso antiguo